000
00261nam a2200109Ia 4500
008
190919s9999||||xx |||||||||||||| ||und||
100
_a
Huber, Schroder
245
0
_a
ATM Networks
260
_a
New Delhi
_b
Tata McGraw Hill
_c
2003
300
_a
624
942
_c
BK
999
_c
11433
_d
11433